Statistics for Flags of the Least Densely-Populated Countries

Click here to take the quiz!

General Stats

  • This quiz has been taken 14 times
  • The average score is 19 of 24

Answer Stats

Answer% Correct
Canada
100%
Iceland
100%
Argentina
92%
Australia
92%
Finland
92%
Kazakhstan
92%
Mongolia
92%
Norway
92%
Russia
92%
Saudi Arabia
92%
Libya
85%
Chad
77%
Mauritania
77%
Botswana
69%
Guyana
69%
Oman
69%
Paraguay
69%
Suriname
69%
Turkmenistan
69%
Bolivia
62%
Central African Republic
62%
Namibia
62%
Republic of the Congo
54%
Gabon
46%

Score Distribution

Percentile by Number Answered

Percent of People with Each Score

Your Score History

You have not taken this quiz